000 00501 a2200193 4500
003 OSt
005 20180116182924.0
008 160830b xxu||||| |||| 00| 0 eng d
020 _a0
040 _c0
082 _a297.2 NOR 1999
100 _aNorthbourne,Lord.
245 _aLooking Back on Progress.
_cLord Northbourne.
260 _aLahore.
_bSuhail Academy.
_c1999.
300 _a122 p.
_bHB
440 _aLooking Back on Progress
500 _aHard cover.
942 _aNBS
_cBK
_k297.2 NOR
_2ddc
999 _c348566
_d348566